000 00770nam a2200229Ii 4500
003 JO-AjNU
008 230605s9999||||xx |||||||||||||| ||und||
017 _a2022/1/365
020 _a978-9923-43-089-7
040 _aJO-AjNU
_bara
_erda
_cJO-AjNU
041 _aara
050 1 4 _aHF5655 2022
100 3 _aالزويلف،ا نعام محسن ,
_eauthor
_963079
245 0 0 _aالمحاسبة الادارية=Accounting Administration
250 _aط العربية
264 3 1 _aعمان: دار اليازوري للنشر والتوزيع، 2022
300 _a441ص
336 _atext
_btxt
_2rdacontent
337 _aunmediated
_bn
_2rdamedia
338 _avolume
_bnc
_2rdacarrier
650 4 _aالمحاسبة الادارية- المحاسبة
_963080
999 _aA28594
_c32162
_d32162